Cavity wall insulation: batts and slabs in new building (Record no. 95703)

MARC details
000 -LEADER
fixed length control field 00491cam a2200193 4500
001 - CONTROL NUMBER
control field D3561
008 - FIXED-LENGTH DATA ELEMENTS--GENERAL INFORMATION
fixed length control field 090401t1982 xxu||||| |||| 00| 0 eng d
035 ## - SYSTEM CONTROL NUMBER
System control number (Sirsi) u73788
041 ## - LANGUAGE CODE
Language code of text/sound track or separate title eng
050 ## - LIBRARY OF CONGRESS CALL NUMBER
Classification number 693.832
110 ## - MAIN ENTRY--CORPORATE NAME
Corporate name or jurisdiction name as entry element Eurisol-UK
9 (RLIN) 319
245 ## - TITLE STATEMENT
Title Cavity wall insulation: batts and slabs in new building
260 ## - PUBLICATION, DISTRIBUTION, ETC.
Place of publication, distribution, etc. Bromley, Kent
Name of publisher, distributor, etc. Eurisol-UK
Date of publication, distribution, etc. 1982
300 ## - PHYSICAL DESCRIPTION
Extent 2p. illus. 30cm
350 ## - PRICE (NR) (BK AM CF MU VM SE) [OBSOLETE]
Price 0
490 ## - SERIES STATEMENT
Series statement Insulation Fact Sheet
Volume/sequential designation 11a
942 ## - ADDED ENTRY ELEMENTS (KOHA)
Suppress in OPAC 0
948 ## - LOCAL PROCESSING INFORMATION (OCLC); SERIES PART DESIGNATOR (RLIN)
c (OCLC) 04/03/1997
Holdings
Withdrawn status Lost status Source of classification or shelving scheme Damaged status Not for loan Home library Current library Shelving location Date acquired Total Checkouts Full call number Barcode Date last seen Copy number Price effective from Koha item type
    Dewey Decimal Classification     London London Folio 14/09/1999   F693.832 30018659 06/08/2019 1 06/08/2019 Book